000 00383nam a22001577a 4500
003 MPLRDC
005 20220104125740.0
008 210129b ||||| |||| 00| 0 eng d
082 _a857.9 GL-2 v.4 c.3
100 _a古龙
245 _a绝代双骄. 四
_c
260 _a
_b华新出版有限公司
_c
300 _b
650 _a武侠小说
942 _cBK
_o857.9 GL-2 v.4 c.3
999 _c29834
_d29824